[Event "15th 4NCL Congress"]
[Site "Doncaster"]
[Date "2017.09.10"]
[Round "4.8"]
[White "Taylor, Robert P"]
[Black "Riding, Mick D"]
[Result "1-0"]
[WhiteElo "1854"]
[BlackElo "1866"]
[PlyCount "67"]
[EventDate "2017.09.08"]

1. d4 c5 2. d5 e5 3. e4 d6 4. Nf3 g6 5. Nc3 Bg7 6. Bd3 Nf6 7. Bg5 a6 8. a4 Nbd7
9. Qd2 h6 10. Bh4 Qc7 11. b3 O-O 12. h3 Nh5 13. g4 Nf4 14. Bg3 Nxd3+ 15. cxd3
b6 16. Rc1 Kh7 17. g5 h5 18. Nh4 Bb7 19. Ne2 Rae8 20. f4 exf4 21. Nxf4 Qd8 22.
Nf3 Ne5 23. Nxe5 Bxe5 24. h4 Bxf4 25. Qxf4 Bxd5 26. O-O Bxb3 27. Qxd6 Bxa4 28.
Rf6 Bb3 29. Rb1 Bc2 30. Rxb6 Bxd3 31. Rxf7+ Rxf7 32. Qxg6+ Kh8 33. Qxf7 Qd4+
34. Kh2 1-0

[Event "15th 4NCL Congress"]
[Site "Doncaster"]
[Date "2017.09.10"]
[Round "4.9"]
[White "Mort, Andrew J"]
[Black "Cawston, M John"]
[Result "1/2-1/2"]
[WhiteElo "1862"]
[BlackElo "1821"]
[PlyCount "146"]
[EventDate "2017.09.08"]

1. c4 c5 2. g3 Nc6 3. Bg2 g6 4. Nc3 Bg7 5. a3 d6 6. Nf3 e5 7. d3 Nge7 8. O-O
O-O 9. Rb1 a5 10. Ne1 Be6 11. Nd5 h6 12. Bd2 f5 13. f4 Kh7 14. e3 Rb8 15. b4
axb4 16. axb4 b5 17. bxc5 bxc4 18. Nxe7 Nxe7 19. Rxb8 Qxb8 20. Qc2 cxd3 21.
Nxd3 e4 22. Nb4 dxc5 23. Qxc5 Qb7 24. Rc1 Rc8 25. Qd6 Rxc1+ 26. Bxc1 Qd7 27.
Qxd7 Bxd7 28. Bf1 Be6 29. Kf2 Bc3 30. Ba3 Kg7 31. Bb5 Kf7 32. h4 Nc8 33. Nc6
Kf6 34. Bc5 Bd7 35. Bd4+ Bxd4 36. Nxd4 Bxb5 37. Nxb5 Ke6 38. Ke2 Kd5 39. Nc7+
Kc4 40. Ne6 Kc3 41. h5 gxh5 42. Ng7 Ne7 43. Nxh5 Kc2 44. Nf6 Kc1 45. Ne8 Kc2
46. Nd6 Kc3 47. Nf7 h5 48. Ng5 Kc4 49. Ne6 Ng6 50. Ng7 h4 51. Nxf5 hxg3 52.
Nxg3 Kd5 53. Kf2 Nh4 54. Nh5 Ke6 55. Ng3 Kd5 56. Nh5 Ke6 57. Ng3 Kd5 58. Ke2
Ng6 59. Kd2 Nf8 60. Nh5 Nd7 61. Kc3 Kc5 62. Ng7 Nf6 63. Ne6+ Kd5 64. Ng5 Ng4
65. Kd2 Nf6 66. Ke2 Ne8 67. Nh7 Nd6 68. Kf2 Ke6 69. Nf8+ Kf5 70. Nd7 Nc4 71.
Nc5 Nb6 72. Nb3 Nd5 73. Nd2 Nxf4 1/2-1/2

[Event "15th 4NCL Congress"]
[Site "Doncaster"]
[Date "2017.09.10"]
[Round "4.10"]
[White "Burns, Martin J"]
[Black "Holi, Siefaldin A"]
[Result "1-0"]
[WhiteElo "1857"]
[BlackElo "1754"]
[Annotator "Barnes,Lara"]
[PlyCount "48"]
[EventDate "2017.09.08"]

1. e4 e5 2. Nf3 Nc6 3. d4 exd4 4. Nxd4 Bc5 5. Nxc6 bxc6 6. Bc4 Nf6 7. Nc3 O-O
8. O-O d6 9. h3 Re8 10. Qf3 Be6 11. Bb3 Bd4 12. Re1 Nd7 13. Bf4 Qf6 14. Qg3 h6
15. Rad1 g5 16. h4 Be5 17. Bxe5 Nxe5 18. Ne2 Kh7 19. hxg5 hxg5 20. Nd4 Rh8 21.
Bxe6 fxe6 22. Qh3+ Kg7 23. Qe3 Kh7 24. f3 c5 {score sheet unreadable} 1-0

[Event "15th 4NCL Congress"]
[Site "Doncaster"]
[Date "2017.09.10"]
[Round "4.13"]
[White "Slinger, Aj (tony)"]
[Black "Procter, Colin S"]
[Result "1/2-1/2"]
[WhiteElo "1899"]
[BlackElo "1760"]
[PlyCount "39"]
[EventDate "2017.09.08"]

1. Nf3 Nf6 2. e3 d5 3. c4 e6 4. b3 g6 5. Bb2 Bg7 6. d4 O-O 7. Nbd2 b6 8. Bd3
Bb7 9. Qc2 a5 10. O-O Na6 11. a3 c6 12. Ne5 Rc8 13. Qd1 Nc7 14. f4 Nce8 15. c5
b5 16. Qf3 Nd7 17. Qh3 f5 18. g4 Nef6 19. g5 Ne4 20. Nxd7 1/2-1/2

[Event "15th 4NCL Congress"]
[Site "Doncaster"]
[Date "2017.09.10"]
[Round "4.14"]
[White "Potter, Steven"]
[Black "Clegg, Robert"]
[Result "0-1"]
[WhiteElo "1874"]
[BlackElo "1769"]
[PlyCount "138"]
[EventDate "2017.09.08"]

1. d4 d6 2. Bg5 g6 3. Nf3 Bg7 4. e3 Nf6 5. Nbd2 O-O 6. Bd3 Nc6 7. c3 Qe8 8. O-O
e5 9. Bxf6 Bxf6 10. e4 Ne7 11. d5 Bg7 12. c4 f5 13. Rb1 a5 14. a3 a4 15. Qc2 b6
16. Ng5 h6 17. Ngf3 f4 18. b4 axb3 19. Qxb3 Bd7 20. Bc2 g5 21. Qd3 Ng6 22. Kh1
g4 23. Ng1 h5 24. Rb3 Bh6 25. Rc3 Kg7 26. Qe2 Qe7 27. Ra1 Qg5 28. Nf1 Nh4 29.
f3 Ng6 30. g3 h4 31. fxg4 Bxg4 32. Nf3 Qh5 33. gxh4 Nxh4 34. N1d2 Rg8 35. Qf2
Nxf3 36. Nxf3 Kf6 37. Bd1 Bg5 38. Nxg5 Rxg5 39. Bxg4 Rxg4 40. Rg1 Rag8 41. Rxg4
Qxg4 42. h3 Rh8 43. Kh2 Qd1 44. Qc2 Qd4 45. Rf3 Rg8 46. Rf1 Qe3 47. Qf2 Rg3 48.
h4 Rh3+ 49. Kg2 Qxa3 50. Rh1 Rb3 51. Rd1 Rb2 52. Rd2 Rxd2 53. Qxd2 Qg3+ 54. Kf1
Qxh4 55. Qg2 Qh5 56. Qg8 Qf3+ 57. Kg1 Qe3+ 58. Kh2 Qf2+ 59. Kh3 Qf3+ 60. Kh2
Qh5+ 61. Kg2 Qg5+ 62. Qxg5+ Kxg5 63. Kf3 Kh4 64. Kg2 Kg4 65. Kf2 f3 66. c5 bxc5
67. Ke3 Kg3 68. Kd2 f2 69. Ke2 Kg2 0-1

[Event "15th 4NCL Congress"]
[Site "Doncaster"]
[Date "2017.09.10"]
[Round "4.15"]
[White "Dean, Robert A"]
[Black "Mahoney, Nicholas"]
[Result "1-0"]
[WhiteElo "1850"]
[BlackElo "1711"]
[PlyCount "39"]
[EventDate "2017.09.08"]

1. e4 e5 2. Nf3 Nc6 3. Bb5 Nf6 4. O-O Bc5 5. c3 d6 6. d4 exd4 7. cxd4 Bb4 8. a3
Ba5 9. b4 O-O 10. bxa5 Nxe4 11. Re1 d5 12. Bxc6 bxc6 13. Qc2 Qf6 14. Be3 Bf5
15. Qc1 h6 16. Nbd2 Rae8 17. Nxe4 Rxe4 18. Ne5 Re8 19. f3 Rxe3 20. Rxe3 1-0

[Event "15th 4NCL Congress"]
[Site "Doncaster"]
[Date "2017.09.10"]
[Round "4.16"]
[White "Nandi, Robin J"]
[Black "Raghavendra, Mahima G"]
[Result "0-1"]
[WhiteElo "1818"]
[BlackElo "1562"]
[PlyCount "52"]
[EventDate "2017.09.08"]

1. d4 d5 2. Nf3 Nf6 3. c4 e6 4. g3 Nbd7 5. Bg2 dxc4 6. Qa4 a6 7. Qxc4 b5 8. Qc2
Bb7 9. Nc3 c5 10. O-O cxd4 11. Nxd4 Bxg2 12. Kxg2 Bc5 13. Be3 Ng4 14. Ne4 Nxe3+
15. fxe3 Rc8 16. b4 Be7 17. Qb3 O-O 18. Nxe6 fxe6 19. Qxe6+ Kh8 20. Rfd1 Rc4
21. Rxd7 Rxe4 22. Qd5 Qa8 23. Qxa8 Rxa8 24. Kf3 Re6 25. Rd4 Bf6 26. Rad1 Bxd4
0-1

[Event "15th 4NCL Congress"]
[Site "Doncaster"]
[Date "2017.09.10"]
[Round "4.17"]
[White "Tinker, Chris R"]
[Black "Parnian, Arya"]
[Result "1-0"]
[WhiteElo "1829"]
[BlackElo "1570"]
[PlyCount "75"]
[EventDate "2017.09.08"]

1. e4 e6 2. d4 d5 3. Nd2 Nf6 4. e5 Nfd7 5. Bd3 c5 6. c3 Nc6 7. Ngf3 cxd4 8.
cxd4 Qb6 9. O-O Nxd4 10. Nxd4 Qxd4 11. Nf3 Qb6 12. Qa4 Qb4 13. Qc2 h6 14. a3
Qc5 15. Qa4 a6 16. Be3 Qc6 17. Qg4 Qc7 18. Bd4 b6 19. Rac1 Qd8 20. b4 g5 21.
Qh5 Rg8 22. h3 Bb7 23. Nh2 Bg7 24. f4 Qe7 25. Rc7 Rb8 26. Rfc1 gxf4 27. Rxb7
Rxb7 28. Rc8+ Qd8 29. Rxd8+ Kxd8 30. Qxf7 Re8 31. Qxg7 a5 32. Bb5 Re7 33. Qxh6
axb4 34. axb4 Kc7 35. Qxf4 Rb8 36. Nf3 Rf8 37. Qc1+ Kd8 38. Bxd7 1-0

[Event "15th 4NCL Congress"]
[Site "Doncaster"]
[Date "2017.09.10"]
[Round "4.18"]
[White "Ross, Stuart"]
[Black "Dunkley, Michael"]
[Result "1/2-1/2"]
[WhiteElo "1641"]
[BlackElo "1809"]
[PlyCount "82"]
[EventDate "2017.09.08"]

1. e4 d6 2. d4 Nf6 3. Nc3 e5 4. Nf3 Nbd7 5. Bc4 Be7 6. O-O O-O 7. Re1 c6 8. a4
Qc7 9. Bb3 h6 10. h3 Re8 11. dxe5 dxe5 12. Bd2 Nc5 13. Bc4 a5 14. Qc1 Kh7 15.
Bxf7 Rf8 16. Bb3 Nh5 17. Nh2 Nxb3 18. cxb3 Qb6 19. Be3 Qxb3 20. Qd1 Qf7 21. Ng4
Bxg4 22. Qxg4 Nf4 23. Rad1 Rad8 24. Rxd8 Rxd8 25. Bxf4 Qxf4 26. Rd1 Qxg4 27.
hxg4 Rxd1+ 28. Nxd1 Kg6 29. g3 Bc5 30. Kf1 Bd4 31. Ke2 Kf6 32. b3 b5 33. Kd3
bxa4 34. bxa4 Kg5 35. f3 Kf6 36. Ne3 Bxe3 37. Kxe3 g5 38. Kd3 Ke7 39. Kc3 Kd7
40. Kb3 Kc7 41. Kc3 Kd7 1/2-1/2

[Event "15th 4NCL Congress"]
[Site "Doncaster"]
[Date "2017.09.10"]
[Round "4.19"]
[White "Obi, Marc On"]
[Black "Wiratunga, Jenith Ay"]
[Result "1-0"]
[WhiteElo "1802"]
[BlackElo "1488"]
[PlyCount "63"]
[EventDate "2017.09.08"]

1. d4 d5 2. c4 e6 3. Nf3 Nf6 4. g3 dxc4 5. Bg2 Nc6 6. O-O Be7 7. e3 O-O 8. Nbd2
Rb8 9. Nxc4 b6 10. a3 Ba6 11. Qc2 Ne4 12. Qxe4 Bxc4 13. Qxc6 Bxf1 14. Kxf1 Bf6
15. Bd2 e5 16. Bb4 Re8 17. Nxe5 Bxe5 18. dxe5 Rxe5 19. Rc1 a5 20. Be1 Qd3+ 21.
Kg1 Re7 22. Bc3 Rbe8 23. Bd4 a4 24. Bc3 Rxe3 25. Qxc7 b5 26. Bf1 Qe4 27. Bxb5
Rf8 28. Bb4 h6 29. Qc6 Qxc6 30. Bxc6 Re2 31. Bxf8 Kxf8 32. Rb1 1-0

[Event "15th 4NCL Congress"]
[Site "Doncaster"]
[Date "2017.09.10"]
[Round "4.22"]
[White "Brown, Geoffrey D"]
[Black "Jaufarally, Nadia"]
[Result "0-1"]
[WhiteElo "1555"]
[BlackElo "1701"]
[PlyCount "88"]
[EventDate "2017.09.08"]

1. b3 e5 2. Bb2 Nc6 3. e3 Nf6 4. Bb5 d6 5. d4 Bd7 6. Ne2 exd4 7. Nxd4 Nxd4 8.
Bxd7+ Qxd7 9. Qxd4 c5 10. Qd3 Be7 11. Nc3 a6 12. O-O-O O-O-O 13. Nd5 Nxd5 14.
Qxd5 Qe6 15. g3 Bf6 16. Bxf6 Qxf6 17. Kb1 Rhe8 18. Qc4 Qe6 19. Rd5 b5 20. Qd3
Qe4 21. Rd1 Qxd3 22. R1xd3 Kc7 23. Kc1 g6 24. f3 f5 25. Kd2 Re6 26. a3 Rd7 27.
c4 bxc4 28. bxc4 Kc6 29. Rb3 Rb7 30. Rdd3 Ree7 31. Kc2 a5 32. Rxb7 Rxb7 33. e4
fxe4 34. fxe4 Rf7 35. h4 a4 36. Kd2 Rf2+ 37. Ke3 Rc2 38. Rd2 Rxc4 39. Kd3 Rd4+
40. Ke3 Rxd2 41. Kxd2 c4 42. g4 Kc5 43. Kc3 h6 44. h5 g5 0-1

[Event "15th 4NCL Congress"]
[Site "Doncaster"]
[Date "2017.09.10"]
[Round "4.23"]
[White "Evans, Peter Michael"]
[Black "Frith, Shane S"]
[Result "0-1"]
[WhiteElo "1906"]
[BlackElo "1539"]
[PlyCount "72"]
[EventDate "2017.09.08"]

1. d4 Nf6 2. c4 c5 3. d5 b5 4. cxb5 a6 5. b6 Qxb6 6. Nc3 d6 7. e4 g6 8. Nf3
Nbd7 9. a4 Bg7 10. Bd3 Ng4 11. a5 Qa7 12. O-O O-O 13. Be2 Nge5 14. Nd2 Bb7 15.
Kh1 Nf6 16. f4 Ned7 17. Nc4 Ne8 18. Qd3 Rd8 19. Bd2 e6 20. Rae1 Bd4 21. Bf3 Qb8
22. Ne2 exd5 23. exd5 Bg7 24. Bc3 Nef6 25. g4 h6 26. Ng3 Rfe8 27. g5 hxg5 28.
fxg5 Nh7 29. Bxg7 Kxg7 30. h4 Kg8 31. Be4 Ne5 32. Nxe5 dxe5 33. Bxg6 Bxd5+ 34.
Kg1 e4 35. Bxh7+ Kxh7 36. Qe2 Qxg3+ 0-1

[Event "15th 4NCL Congress"]
[Site "Doncaster"]
[Date "2017.09.10"]
[Round "5.1"]
[White "Burrows, Nick"]
[Black "Whitehead, Mark A"]
[Result "1/2-1/2"]
[WhiteElo "1888"]
[BlackElo "1908"]
[PlyCount "34"]
[EventDate "2017.09.08"]

1. Nf3 d6 2. d4 c5 3. g3 cxd4 4. Nxd4 Nc6 5. Bg2 Bd7 6. O-O g6 7. b3 Bg7 8. Bb2
Nf6 9. c4 O-O 10. Nc3 Rc8 11. e4 a6 12. Nd5 Ne5 13. Qd2 Ne8 14. f4 Nc6 15. Rad1
e6 16. Ne3 Qb6 17. Kh1 Nxd4 1/2-1/2

[Event "15th 4NCL Congress"]
[Site "Doncaster"]
[Date "2017.09.10"]
[Round "5.2"]
[White "Bennett, Dominic L"]
[Black "Burns, Martin J"]
[Result "0-1"]
[WhiteElo "1962"]
[BlackElo "1857"]
[PlyCount "87"]
[EventDate "2017.09.08"]

1. d4 Nf6 2. c4 g6 3. Nc3 d5 4. cxd5 Nxd5 5. e4 Nxc3 6. bxc3 c5 7. Bc4 Bg7 8.
Ne2 O-O 9. O-O Nc6 10. Be3 cxd4 11. cxd4 Na5 12. Bd3 Bg4 13. f3 Be6 14. d5 Bd7
15. Rc1 e6 16. Bc5 Re8 17. d6 Nc6 18. Qd2 a6 19. Kh1 Rc8 20. Rb1 b5 21. Qe3 Qh4
22. Rfd1 Nd8 23. e5 Nc6 24. f4 g5 25. g3 gxf4 26. gxf4 Na5 27. Bd4 Nc4 28. Bxc4
Rxc4 29. Rb3 Qg4 30. Qg3 Qxe2 31. Re1 Qc2 32. Rd3 Kh8 33. Ree3 Bh6 34. Qh3 Bc6+
35. Kg1 Rg8+ 36. Rg3 Qc1+ 37. Qf1 Bxf4 38. Rxg8+ Kxg8 39. Rd1 Qc2 40. Bf2 Qe4
41. Bb6 Qh1+ 42. Kf2 Rc2+ 43. Ke1 Qe4+ 44. Be3 0-1

[Event "15th 4NCL Congress"]
[Site "Doncaster"]
[Date "2017.09.10"]
[Round "5.3"]
[White "Ter-Gevorkian, Aram"]
[Black "Taylor, Robert P"]
[Result "1-0"]
[WhiteElo "1922"]
[BlackElo "1854"]
[PlyCount "85"]
[EventDate "2017.09.08"]

1. e4 Nc6 2. Nf3 d6 3. d4 f5 4. Nc3 g6 5. d5 fxe4 6. Nxe4 Ne5 7. Nxe5 dxe5 8.
Bb5+ Bd7 9. Bc4 c6 10. O-O Nf6 11. Nc5 cxd5 12. Bxd5 Qc7 13. Nxd7 Nxd7 14. Qf3
O-O-O 15. Be6 Bg7 16. Qb3 Kb8 17. Be3 Nb6 18. a4 Rd6 19. a5 Nc8 20. a6 Nb6 21.
axb7 Qxb7 22. c3 Bf6 23. Bh3 Rhd8 24. g3 Qd5 25. Qa3 Qb7 26. Bg2 Qc7 27. Qb4
Kc8 28. Qg4+ e6 29. Qf3 Bg7 30. Ra5 Rd5 31. Rfa1 Rxa5 32. Rxa5 Rd5 33. Ra1 Rd7
34. h4 Rf7 35. Qe4 Qd6 36. Bxb6 Qxb6 37. Qa8+ Qb8 38. Qc6+ Kd8 39. Qxe6 Re7 40.
Qg8+ Kc7 41. Qc4+ Kd8 42. Rd1+ Ke8 43. Qg8+ 1-0

[Event "15th 4NCL Congress"]
[Site "Doncaster"]
[Date "2017.09.10"]
[Round "5.6"]
[White "Pollock, Andy"]
[Black "Dean, Robert A"]
[Result "1-0"]
[WhiteElo "1964"]
[BlackElo "1850"]
[Annotator "Barnes,Lara"]
[PlyCount "65"]
[EventDate "2017.09.08"]

1. d4 d5 2. Nf3 Nf6 3. e3 g6 4. Nbd2 Bg7 5. b4 a5 6. b5 Nbd7 7. c4 e6 8. Ba3
dxc4 9. Bxc4 Nb6 10. Bd3 Nfd5 11. O-O Bd7 12. Qb3 a4 13. Qc2 c6 14. Ne4 Bf8 15.
Qb2 Be7 16. Nd6+ Bxd6 17. Bxd6 cxb5 18. e4 a3 19. Qc1 Rc8 20. Qxa3 Rc3 21. Qb2
Rxd3 22. exd5 Nc4 23. Qb4 Ra3 24. dxe6 fxe6 25. Bf4 Ra4 26. Qe1 O-O 27. Bh6 Rf5
28. Qe4 Qb8 29. Rfe1 Ra6 30. g4 Rf7 31. a4 bxa4 32. d5 b5 33. Qd4 {(Time)} 1-0

[Event "15th 4NCL Congress"]
[Site "Doncaster"]
[Date "2017.09.10"]
[Round "5.7"]
[White "Jacob, Sydney J"]
[Black "Bielby, Paul R"]
[Result "1/2-1/2"]
[WhiteElo "1838"]
[BlackElo "1916"]
[PlyCount "72"]
[EventDate "2017.09.08"]

1. d4 Nf6 2. c4 e5 3. dxe5 Ng4 4. Bf4 g5 5. Bg3 Bg7 6. Nf3 Nc6 7. Nc3 Ngxe5 8.
Nxe5 Nxe5 9. e3 d6 10. Rc1 Be6 11. b3 Qd7 12. Be2 O-O-O 13. O-O h5 14. Ne4 g4
15. Bh4 Rdg8 16. Nf6 Bxf6 17. Bxf6 Rh6 18. Bxe5 dxe5 19. Qxd7+ Bxd7 20. Rfd1 h4
21. Rd2 Rd6 22. Rcd1 Rgg6 23. Rxd6 Rxd6 24. Rxd6 cxd6 25. g3 hxg3 26. hxg3 Kc7
27. Kf1 Kc6 28. Ke1 Kc5 29. a3 a5 30. Kd2 f5 31. Kc3 b5 32. cxb5 Bxb5 33. Bxb5
Kxb5 34. Kd3 d5 35. Kc3 Kc5 36. Kd3 Kb5 1/2-1/2

[Event "15th 4NCL Congress"]
[Site "Doncaster"]
[Date "2017.09.10"]
[Round "5.8"]
[White "Clegg, Robert"]
[Black "Hamilton, Douglas"]
[Result "1/2-1/2"]
[WhiteElo "1769"]
[BlackElo "1893"]
[Annotator "Barnes,Lara"]
[PlyCount "81"]
[EventDate "2017.09.08"]

1. d4 e6 2. c4 f5 3. Bf4 Nf6 4. e3 b6 5. Nf3 Bb7 6. Be2 Be7 7. O-O O-O 8. Nc3
Ne4 9. Qc2 Nxc3 10. Qxc3 Bf6 11. c5 bxc5 12. Qxc5 Nc6 13. Rac1 d6 14. Qb5 Rb8
15. Rxc6 Bxc6 16. Qxc6 g5 17. Bg3 g4 18. Ne1 Qe7 19. Nd3 h5 20. f4 Rb6 21. Qc2
Qd7 22. Rc1 Rc8 23. Be1 c6 24. Ba5 Rbb8 25. b4 Bd8 26. Qa4 Bxa5 27. Qxa5 h4 28.
Nb2 h3 29. g3 c5 30. dxc5 Qb7 31. Bf1 dxc5 32. b5 c4 33. a4 c3 34. Rxc3 Rxc3
35. Qxc3 Rc8 36. Nc4 Qf3 37. Qe5 Rxc4 38. Qxe6+ Kf8 39. Qxc4 Qxe3+ $8 40. Kh1
Qf3+ $11 {[%eval 0,33]} 41. Kg1 $11 {[%eval 0,38]} 1/2-1/2

[Event "15th 4NCL Congress"]
[Site "Doncaster"]
[Date "2017.09.10"]
[Round "5.9"]
[White "Raghavendra, Mahima G"]
[Black "Mort, Andrew J"]
[Result "1/2-1/2"]
[WhiteElo "1562"]
[BlackElo "1862"]
[PlyCount "48"]
[EventDate "2017.09.08"]

1. e4 c5 2. Nc3 Nc6 3. g3 g6 4. Bg2 Bg7 5. Nge2 e6 6. f4 Nge7 7. d3 O-O 8. O-O
d6 9. Be3 Rb8 10. Qd2 Nd4 11. Nd1 b5 12. c3 Nxe2+ 13. Qxe2 b4 14. d4 bxc3 15.
bxc3 cxd4 16. Bxd4 Qa5 17. Bxg7 Kxg7 18. Ne3 Ba6 19. c4 Qc5 20. Rfc1 Rb4 21.
Rab1 Rfb8 22. Rxb4 Rxb4 23. Kh1 Nc6 24. Qd3 Rb6 1/2-1/2

[Event "15th 4NCL Congress"]
[Site "Doncaster"]
[Date "2017.09.10"]
[Round "5.10"]
[White "Cawston, M John"]
[Black "Ruane, Brendan J"]
[Result "1-0"]
[WhiteElo "1821"]
[BlackElo "1857"]
[PlyCount "145"]
[EventDate "2017.09.08"]

1. d4 Nf6 2. c4 c5 3. d5 e6 4. Nc3 exd5 5. cxd5 d6 6. e4 g6 7. f4 Bg7 8. Bb5+
Nfd7 9. a4 Qh4+ 10. g3 Qe7 11. Qe2 O-O 12. Nf3 Na6 13. O-O Nb4 14. a5 a6 15.
Bc4 b5 16. axb6 Nxb6 17. Bb3 Bg4 18. Qe3 Bxf3 19. Qxf3 c4 20. Bd1 Nd7 21. Bd2
Nd3 22. b3 N7c5 23. bxc4 Rae8 24. Ra3 Qb7 25. Bc2 Nb4 26. Bb1 Qc7 27. e5 Nd7
28. Nb5 axb5 29. Bxb4 Bxe5 30. fxe5 Nxe5 31. Qf6 Nxc4 32. Bc3 Ne5 33. Bxe5 Rxe5
34. Raf3 Qc5+ 35. R3f2 Rxd5 36. Kg2 Qd4 37. Ba2 Qe4+ 38. Kg1 Rf5 39. Rxf5 gxf5
40. Qxf5 Qxf5 41. Rxf5 b4 42. Rb5 Ra8 43. Bd5 Ra1+ 44. Kf2 Rd1 45. Kf3 Kg7 46.
Ke3 Re1+ 47. Kf4 Rf1+ 48. Kg4 f5+ 49. Kg5 h6+ 50. Kh5 Rf2 51. Rb7+ Kf6 52. h3
Ke5 53. Bg8 f4 54. Rb5+ Kf6 55. g4 Kg7 56. Bc4 Rh2 57. Kh4 Rb2 58. Rb7+ Kf6 59.
Rf7+ Ke5 60. Rf5+ Ke4 61. Bd5+ Ke3 62. Kh5 Rh2 63. h4 b3 64. Bxb3 f3 65. Bc4 f2
66. Rd5 Kf4 67. Rxd6 Kg3 68. Rd3+ Kg2 69. Rc3 f1=Q 70. Bxf1+ Kxf1 71. Kxh6
Rxh4+ 72. Kg5 Rh8 73. Kf6 1-0

[Event "15th 4NCL Congress"]
[Site "Doncaster"]
[Date "2017.09.10"]
[Round "5.11"]
[White "Holi, Siefaldin A"]
[Black "Slinger, Aj (tony)"]
[Result "0-1"]
[WhiteElo "1754"]
[BlackElo "1899"]
[PlyCount "91"]
[EventDate "2017.09.08"]

1. e4 d6 2. Bc4 Nf6 3. Nc3 g6 4. f4 Bg7 5. Nf3 O-O 6. O-O c6 7. e5 Ne8 8. d4 d5
9. Bb3 b5 10. a3 Nc7 11. Ne2 a5 12. Ng3 e6 13. Be3 Nd7 14. c3 Nb6 15. Ba2 Nc4
16. Bc1 a4 17. Ne1 Bd7 18. Qg4 f5 19. Qh3 Na6 20. Nd3 Qe7 21. Nb4 c5 22. Nxa6
Rxa6 23. Bxc4 bxc4 24. Be3 cxd4 25. Bxd4 Rb8 26. Rab1 Ra5 27. Rf2 Rab5 28. Nf1
Bf8 29. Qe3 Qf7 30. h4 Bxa3 31. Ra1 Be7 32. Rxa4 Bxh4 33. g3 Bd8 34. Ra6 Be7
35. Ra7 Qe8 36. Ra2 Ra8 37. Ra7 Qc8 38. Kg2 Rxa7 39. Bxa7 Qb7 40. Nh2 d4+ 41.
Qf3 Bc6 42. Bxd4 Bxf3+ 43. Rxf3 Rxb2+ 44. Bf2 Bc5 45. Kg1 Bxf2+ 46. Rxf2 0-1